000
00308nam a22001217a 4500
003
SGT
082
_a
200
_b
D97R
100
_a
राय, विवेकी
245
_a
दीक्षा
260
_b
विश्वविद्यालय प्रकाशन
_c
1997
300
_a
32
942
_2
ddc
_c
BK
999
_c
31798
_d
31798